UBT Library

International economics / (Record no. 42951)

000 -LEADER
fixed length control field 00802cam a22002654a 4500
001 - CONTROL NUMBER
control field 14205628
005 - DATE AND TIME OF LATEST TRANSACTION
control field 20180220092311.0
008 - FIXED-LENGTH DATA ELEMENTS--GENERAL INFORMATION
fixed length control field 051220s2007 maua b 001 0 eng
010 ## - LIBRARY OF CONGRESS CONTROL NUMBER
LC control number 2005058075
020 ## - INTERNATIONAL STANDARD BOOK NUMBER
International Standard Book Number 007352302X (alk. paper)
020 ## - INTERNATIONAL STANDARD BOOK NUMBER
International Standard Book Number 9780073523026
035 ## - SYSTEM CONTROL NUMBER
System control number (OCoLC)ocm62738690
040 ## - CATALOGING SOURCE
Original cataloging agency DLC
Transcribing agency DLC
Modifying agency BAKER
-- C#P
-- DLC
041 ## - LANGUAGE CODE
Language code of text/sound track or separate title eng
042 ## - AUTHENTICATION CODE
Authentication code pcc
080 ## - UNIVERSAL DECIMAL CLASSIFICATION NUMBER
Universal Decimal Classification number 337 PUG
082 00 - DEWEY DECIMAL CLASSIFICATION NUMBER
Classification number 337 PUG
Edition number 22
100 1# - Rafti
Rafti 52
101 ## - Shkurtesa
Shkurtesa EKO
245 10 - TITLE STATEMENT
Title International economics /
Statement of responsibility, etc Thomas A. Pugel.
504 ## - BIBLIOGRAPHY, ETC. NOTE
Bibliography, etc Includes bibliographical references (p. 707-717) and index.
906 ## - LOCAL DATA ELEMENT F, LDF (RLIN)
a 7
b cbc
c orignew
d 1
e ocip
f 20
g y-gencatlg
942 ## - ADDED ENTRY ELEMENTS (KOHA)
Source of classification or shelving scheme
Item type Books
Holdings
Withdrawn status Lost status Source of classification or shelving scheme Damaged status Not for loan Collection code Permanent location Current location Shelving location Date acquired Total Checkouts Full call number Barcode Date last seen Price effective from Koha item type
          Koleksioni i përgjithshem UBT - Lipjan UBT - Lipjan Koleksioni i përgjithshem 02/20/2018   337 PUG 002-2998277 02/20/2018 02/20/2018 Books
UBT Library © 2015-2024. All rights reserved University Education for Business and Technology